Algebra moderna / (Record no. 90690)

MARC details
000 -LEADER
campo de control de longitud fija 00653nam a2200217 i 4500
001 - NÚMERO DE CONTROL
campo de control 90690
003 - IDENTIFICADOR DE NÚMERO DE CONTROL
campo de control ES-MaACL
005 - FECHA Y HORA DE LA ÚLTIMA TRANSACCIÓN
campo de control 20250724074554.0
007 - CAMPO FIJO DE DESCRIPCIÓN FÍSICA--INFORMACIÓN GENERAL
campo de control de longitud fija t|
008 - DATOS DE LONGITUD FIJA--INFORMACIÓN GENERAL
campo de control de longitud fija 050124s1969 sp ||||1| spa d
100 1# - ENTRADA PRINCIPAL--NOMBRE DE PERSONA
Nombre de persona Lentin, André.
9 (RLIN) 71548
245 10 - MENCIÓN DEL TÍTULO
Título Algebra moderna /
Mención de responsabilidad, etc. A. Lentin y J. Rivaud ; versión de Emilio Motilva Ilarri.
250 ## - MENCION DE EDICION
Mención de edición [2ª ed.].
260 ## - PUBLICACIÓN, DISTRIBUCIÓN, ETC.
Lugar de publicación, distribución, etc. [Madrid] :
Nombre del editor, distribuidor, etc. Aguilar,
Fecha de publicación, distribución, etc. [1969] (
Fabricante Grafiplás)
300 ## - DESCRIPCIÓN FÍSICA
Extensión XIX, 485 p. ;
Dimensiones 22 cm.
650 #7 - PUNTO DE ACCESO ADICIONAL DE MATERIA--TÉRMINO DE MATERIA
Término de materia o nombre geográfico como elemento de entrada Álgebra
Fuente del encabezamiento o término embne
9 (RLIN) 9720
700 0# - ENTRADA AGREGADA--NOMBRE PERSONAL
Nombre de persona Motilva Ylarri, Emilio.
9 (RLIN) 83828
700 0# - ENTRADA AGREGADA--NOMBRE PERSONAL
Nombre de persona Rivaud, Jacques.
9 (RLIN) 97599
852 ## - LOCALIZACIÓN
Ubicación ES-MaACL
Número de control de estantería C-38529
Sublocalización o colección R.71780
Holdings
Estatus retirado Estado de pérdida Estado de daño No para préstamo Biblioteca de origen Biblioteca actual Ubicación en estantería Fecha de adquisición Fuente de adquisición Total de préstamos Signatura topográfica completa Código de barras Visto por última vez Precio de reemplazo Tipo de ítem Koha
        Biblioteca del Ateneo de Madrid Biblioteca del Ateneo de Madrid Depósito 2 17/01/2008     C-38529 1094695 23/02/2023 23/02/2023 Libro impreso